| 000 | 00586nam a22001817a 4500 | ||
|---|---|---|---|
| 005 | 20230221025704.0 | ||
| 008 | 230221b |||||||| |||| 00| 0 eng d | ||
| 020 | _a978-621-8070-29-5 | ||
| 082 | _aFil. 001.4 Am539t 2018 | ||
| 100 |
_aAncheta, Rica D. _eauthor |
||
| 245 |
_aPractical research 2: _bsimplified / _cRica D. Ancheta, Norman Melchor R. Peña Jr. |
||
| 250 | _a1st ed. | ||
| 260 |
_aManila: _bFastbooks Educational Supply, _cc2018 |
||
| 300 |
_a241p.: _bill. |
||
| 541 | _e6207 c.1, 6208 c.2, 6209 c.3 | ||
| 650 | _aResearch | ||
| 700 |
_aPeña, Norman Melchor R., Jr. _eauthor |
||
| 999 |
_c1325 _d1325 |
||